AKU, BUKU & KOTA KAHERAH : Kembara Sang Pencinta Buku

Bibliographic Details
Main Author: Shahriman Jamalullayl , 1976- (Author)
Other Authors: Arif Zulkifli (Editor)
Format: Book
Published: Bandar Baru Bangi, Selangor : JT Books PLT 2021
Subjects:

MARC

LEADER 00000cam a2200000 7i4500
001 0000091849
005 20230711103839.0
008
020 |a 9789671927427 (  |q (paperback)) 
040 |e rda 
041 |a Malay 
090 0 0 |a 910.4   |b SHA 
100 1 |a Shahriman Jamalullayl ,   |d 1976- ,   |e (author) 
245 1 0 |a AKU, BUKU & KOTA KAHERAH :   |b Kembara Sang Pencinta Buku   |c SHAHRIMAN JAMALULLAYL 
264 1 |a Bandar Baru Bangi, Selangor :   |b JT Books PLT   |c 2021 
300 |a 293 pages 27 unnumbered pages :   |b color illustration ;   |c 20 cm. 
336 |a text  |2 rdacontent 
337 |a unmediated  |2 rdamedia 
338 |a volume  |2 rdacarrier 
541 |c Purchased on 2023   |f 5624 FCC   |h RM35.00 
650 0 |a Books and reading   |z Cairo (Egypt) 
650 0 |a Reading interests   |z Cairo (Egypt) 
650 0 |a Shahriman Jamalullayl   |d 1976-   |x Anecdotes 
700 1 |a Arif Zulkifli ,   |e (editor) 
730 0 |a Title 
999 |a 0001728836   |b Book   |c Adult Collection   |e Cawangan AEON Kulaijaya 
999 |a 0001728837   |b Book   |c Adult Collection   |e Cawangan Urban Transformation Centre 
999 |a 0001728838   |b Book   |c Adult Collection   |e Perbadanan Perpustakaan Awam Johor 
999 |a 0001728839   |b Book   |c Adult Collection   |e Cawangan Taman Sri Lambak 
999 |a 0001728840   |b Book   |c Adult Collection   |e Cawangan Sri Merlong 
999 |a 0001728841   |b Book   |c Adult Collection   |e Cawangan Segamat 
999 |a 0001728842   |b Book   |c Adult Collection   |e Cawangan Pontian 
999 |a 0001728843   |b Book   |c Adult Collection   |e Cawangan Tmn. Ungku Tun Aminah 
999 |a 0001728844   |b Book   |c Adult Collection   |e Cawangan Bandar Tenggara 
999 |a 0001728845   |b Book   |c Adult Collection   |e Cawangan Kota Tinggi 
999 |a 0001728846   |b Book   |c Adult Collection   |e Cawangan Bukit Gambir 
999 |a 0001728847   |b Book   |c Adult Collection   |e Cawangan Batu Pahat 
999 |a 0001728848   |b Book   |c Adult Collection   |e Cawangan Tangkak 
999 |a 0001728849   |b Book   |c Adult Collection   |e Cawangan Mersing 
999 |a 0001728850   |b Book   |c Adult Collection   |e Cawangan Bandar Penawar 
999 |a 0001728851   |b Book   |c Adult Collection   |e Cawangan Muar